Countries Most Similar To Brunei - Statistics

General Stats
  • This quiz has been taken 39 times
    31 since last reset
  • The average score is 9 of 20
Answer Stats
Rank Country Score % Correct
2 Indonesia 67.7
87%
4 Philippines 60
87%
3 Singapore 66.7
87%
1 Malaysia 79.5
83%
12 Vietnam 57
83%
6 Thailand 58.2
70%
11 Saudi Arabia 57.2
61%
5 Oman 58.9
52%
9 Qatar 57.4
52%
7 UAE 57.6
52%
14 Bahrain 56.1
48%
10 Kuwait 57.4
43%
20 Taiwan 53.7
43%
16 Sri Lanka 54.7
30%
8 Fiji 57.6
13%
13 Samoa 56.5
9%
15 Mauritius 55.5
4%
17 Trinidad and Tobago 54.2
4%
19 Vanuatu 53.8
4%
18 Suriname 53.9
0%
No matching quizzes found
Score Distribution
Percent of People with Each Score
Percentile by Number Answered
Your Score History
You have not taken this quiz since the last reset